Matematícas Financieras / Mario Alfonso Toledano y Castillo , Lilia Himmelstine de Chavarria (Registro nro. 21211)
[ vista simple ]
| 000 -LÍDER | |
|---|---|
| fixed length control field | 00463nam a2200145 4500 |
| 008 - ELEMENTOS DE LONGITUD FIJA -- INFORMACIÓN GENERAL | |
| fixed length control field | 0 1981 0a 000 0MEX |
| 020 ## - NÚMERO INTERNACIONAL NORMALIZADO PARA LIBROS | |
| ISBN | 968-26-0242-4 |
| 050 ## - SIGNATURA TOPOGRAFICA DE LA BIBLIOTECA DEL CONGRESO (LC) | |
| Número de Clasificación | HF5693 T818 |
| 082 ## - NUMERO DE CLASIFICACION DECIMAL DEWEY | |
| Número de Clasificación | 513.93 T818m |
| 100 ## - ASIENTO PRINCIPAL--NOMBRE PERSONAL | |
| Nombre personal | Toledano Mario Alfonso |
| 245 ## - TÍTULO | |
| Título | Matematícas Financieras / Mario Alfonso Toledano y Castillo , Lilia Himmelstine de Chavarria |
| 260 ## - PUBLICACIÓN, DISTRIBUCIÓN, ETC. (PIE DE IMPRENTA) | |
| Lugar de publicación, distribución, etc. | México : Continental |
| 300 ## - DESCRIPCIÓN FÍSICA | |
| Extensión | 269p. /22.5 cm. |
| 650 ## - ASIENTO SECUNDARIO DE MATERIA - TERMINO TEMÁTICO | |
| Término temático o nombre geográfico como elemento de entrada | 1. MATEMATICAS EN NEGOCIOS |
| No. biblioteca | No. biblioteca | Número de clasificación | Código de barras/Número de adquisición | Número de copia | Tipo de material |
|---|---|---|---|---|---|
| LUIS G. INCLAN | LUIS G. INCLAN | 513.93 T818m | 15321 | 1 | Libros |
| LUIS G. INCLAN | LUIS G. INCLAN | 513.93 T818m | 15322 | 2 | Libros |
| LUIS G. INCLAN | LUIS G. INCLAN | 513.93 T818m | 15324 | 4 | Libros |
| LUIS G. INCLAN | LUIS G. INCLAN | 513.93 T818m | 17944 | 5 | Libros |
| LUIS G. INCLAN | LUIS G. INCLAN | 513.93 T818m | 18218 | 6 | Libros |
| LUIS G. INCLAN | LUIS G. INCLAN | 513.93 T818m | 28604 | 7 | Libros |
| LUIS G. INCLAN | LUIS G. INCLAN | 513.93 T818m | 16203 | 8 | Libros |
